[Event "3rd Memorial Hulak 2018"]
[Site "Zagreb"]
[Date "2018.12.07"]
[Round "8.4"]
[White "Kotronias, Vasilios"]
[Black "Zelcic, Robert"]
[Result "1/2-1/2"]
[WhiteElo "2482"]
[BlackElo "2530"]
[Annotator "TA"]
[PlyCount "57"]
[EventDate "2018.11.26"]
[EventCountry "CRO"]
[SourceTitle "playchess.com"]
[Source "ChessBase"]
[SourceQuality "1"]

{[%evp 20,57,9,9,23,0,0,-16,27,26,26,0,12,23,0,0,0,0,0,0,33,33,33,33,37,20,42,27,32,35,49,48,52,52,68,53,61,61,67,49]} 1. e4 c6 {[%cal Bc7c6,Bc6c5][%mdl 32]} 2. d4 d5 3. e5 Bf5 4. h4 h6 5. g4 Bd7 6. h5 c5 {B12: Caro-Kann: Advance Variation} 7. c3 Nc6 8. Na3 e6 9. Nc2 Qb6 10. f4 cxd4 11. cxd4 {LiveBook: 7 Games} Nge7 $146 ({Predecessor:} 11... Nb4 12. Nf3 Nxc2+ 13. Qxc2 Rc8 14. Qd3 {0-1 (54) Inarkiev,E (2682)-Riazantsev,A (2692) Dubai 2014}) 12. Nf3 f5 13. g5 O-O-O 14. g6 Kb8 15. Rh3 Rc8 16. Bd2 Na5 17. b3 Nec6 18. Kf2 Nb4 $1 19. Nce1 Bb5 20. Bxb5 Qxb5 21. Ng1 Nbc6 22. Ne2 Bb4 23. Nc2 Bxd2 24. Qxd2 {White is slightly better.} Qb6 25. Rc3 Qd8 26. Kg3 Qd7 27. Rc1 b6 28. Ne3 Ne7 29. Rxc8+ {Precision: White = 75%, Black = 63%.} 1/2-1/2

[Event "3rd Memorial Hulak 2018"]
[Site "Zagreb"]
[Date "2018.12.07"]
[Round "8.5"]
[White "Palac, Mladen"]
[Black "Rogulj, Branko"]
[Result "1/2-1/2"]
[WhiteElo "2553"]
[BlackElo "2409"]
[Annotator "TA"]
[PlyCount "33"]
[EventDate "2018.11.26"]
[EventCountry "CRO"]
[SourceTitle "playchess.com"]
[Source "ChessBase"]
[SourceQuality "1"]

{[%evp 21,33,5,0,-23,-19,-17,-13,-27,-13,-17,-33,-36,0,-29]} 1. e4 Nf6 2. e5 Nd5 3. d4 d6 4. Nf3 g6 5. Bc4 Nb6 6. Bb3 Bg7 7. a4 a5 8. Qe2 O-O 9. h3 dxe5 10. dxe5 Na6 {B04: Alekhine's Defence: 4 Nf3} 11. Be3 (11. O-O Nc5 12. Rd1 Qe8 13. Nc3 Be6 14. Bxe6 Nxe6 15. Qe4 Qc6 16. Qxc6 bxc6 17. b3 f5 18. Ne2 {½-½ (34) Kolev,A (2569)-Chatalbashev,B (2573) Sunny Beach 2007}) 11... Nd5 {LiveBook: 4 Games} 12. Bxd5 Qxd5 {Black has an edge.} 13. Nc3 Qe6 $146 ({Predecessor:} 13... Qc6 14. O-O Be6 15. Nd4 Qc4 16. Nxe6 Qxe6 17. f4 Rad8 18. Rad1 Nb4 19. Ne4 Qc6 {½-½ (19) Rivera Kuzawka,D (2415)-Piza Cortizo,D (2280) La Coruna 1993}) 14. O-O-O Nb4 15. Kb1 $1 b6 16. Bf4 Qf5 17. Qd2 1/2-1/2

[Event "3rd Memorial Hulak 2018"]
[Site "Zagreb"]
[Date "2018.12.07"]
[Round "8.11"]
[White "Rakotomaharo, Fy Antenaina"]
[Black "Jurkovic, Ante"]
[Result "1-0"]
[WhiteElo "2429"]
[BlackElo "2282"]
[Annotator "TA"]
[PlyCount "97"]
[EventDate "2018.11.26"]
[EventCountry "CRO"]
[SourceTitle "playchess.com"]
[Source "ChessBase"]
[SourceQuality "1"]

{[%evp 25,97,-12,28,18,165,-41,-36,-72,-72,-70,-79,-81,-70,-67,-61,-91,-44,-47,46,37,48,40,0,0,0,-168,-162,-165,-160,-162,0,0,0,0,0,0,0,0,0,-193,-217,-200,-193,-189,-208,-172,-168,-77,-108,-182,-157,-138,-119,-122,-136,-147,0,0,0,0,597,597,523,533,539,523,1043,902,2153,2103,2342,1383,2362,2332]} 1. e4 e6 2. d4 d5 3. Nd2 Be7 4. Ngf3 Nf6 5. Bd3 c5 6. e5 Nfd7 7. c3 Nc6 8. O-O a5 9. Re1 cxd4 10. cxd4 Qb6 11. Nb1 {[%cal Bd2b1,Bb1c3,Bc3b5][%mdl 32] C06: French Tarrasch: 3...Nf6 4 e5 Nfd7 5 Bd3 main lines} (11. a4 Nxd4 12. Nxd4 Qxd4 13. Nf3 Qb6 14. Be3 Nc5 15. Bb5+ Bd7 16. Nd4 Bxb5 17. Nxb5 O-O 18. Qg4 Rfc8 {0-1 (33) Naroditsky,D (2631)-So,W (2779) ICC INT 2015}) 11... Nxd4 12. Nxd4 Qxd4 13. Nc3 Qh4 {LiveBook: 3 Games} 14. Nb5 Bc5 (14... O-O $11) 15. Be3 $2 (15. Nc7+ $1 $18 Kd8 16. Nxa8 Bxf2+ {[%mdl 64] Double Attack} 17. Kf1 Bxe1 18. Qxe1 Qxe1+ 19. Kxe1) 15... O-O $15 16. Rc1 b6 17. g3 {[%cal Bg2g3,Bg3g4,Bg4g5][%mdl 32]} Qe7 18. f4 $146 ({Predecessor:} 18. Bf4 f6 19. exf6 Nxf6 {0-1 (48) Nigmatov,O (2331)-Kotsur,P (2552) Tashkent 2017}) 18... Bxe3+ 19. Rxe3 Nc5 20. Nd6 Bd7 21. g4 f6 (21... g6 $15 22. g5 Rab8) 22. Bxh7+ $1 $14 Kxh7 23. Rh3+ Kg8 {[#]} 24. g5 $1 {[%mdl 512]} Be8 $1 (24... fxe5 25. Qh5 Qxg5+ 26. fxg5 Rf1+ 27. Rxf1 Rf8 28. Qh8#) (24... fxg5 25. Qh5) 25. Qc2 $2 (25. gxf6 $11 Rxf6 26. exf6 Qxd6 27. Qg4) 25... f5 $19 {Hoping for ...Ne4.} 26. Qf2 g6 $1 27. Rh6 Qg7 $2 (27... Nd3 $2 28. Qh4 $1 $18 {[%mdl 512]}) (27... d4 $1 $19 {White must now prevent ...d3.} 28. Qxd4 Qg7) 28. Rc3 $11 Ne4 29. Nxe4 fxe4 30. Rch3 Rf7 {Strongly threatening ...Rc8.} 31. Qh4 Kf8 {[%cal Bg8f8,Bf8e7,Be7d8,Bd8c7][%mdl 32]} 32. Rh8+ $2 (32. Qg3 $11 Kg8 33. Qg4) 32... Ke7 $19 {aiming for ...Rc8.} 33. Qf2 Rb8 $1 34. Qc2 {Qc7+ would kill now.} Kd8 $1 ({Not} 34... Kd7 35. Qa4+ Kc7 36. Rc3+ (36. Rxe8 Rxe8 37. Qxe8 Qf8 $11) 36... Kb7 37. Rxe8 $11) 35. Qc6 {[%csl Gc6][%cal Rh8e8]} Rd7 36. Qxe6 (36. R3h7 $2 Qxh7 37. Rxh7 Rxh7 $19) 36... Qe7 $1 {[%cal Re7e6]} 37. Qf6 {[#] Threatening mate with Rxe8+!} Kc7 $1 {And now ...Qc5+ would win.} 38. e6 ({Don't go for} 38. Rc3+ $2 Kb7 $19) 38... Qc5+ 39. Kg2 Qc2+ 40. Kg3 {[%cal Bg2g3,Bg3h4,Bh4h3][%mdl 32] [#]} Rdd8 {[#]} (40... Qc1 $1 $17 41. Qe5+ Rd6 42. R8h7+ Kc6) 41. Rxe8 $1 $11 {[%mdl 512] Rh7+ is the strong threat.} Qd3+ (41... Rxe8 $2 {is the wrong capture.} 42. Qg7+ Kd6 43. Qd7+ Kc5 44. Qc7+ Kb5 45. Qxc2 $18) 42. Kh4 Qxh3+ $4 {[%mdl 8192]} (42... Qf1 $11 {and Black has nothing to worry.}) 43. Kxh3 $18 {White threatens Qe7+ and mate.White is clearly winning.} Rxe8 44. Qxg6 $11 {KQ-KRR} Kd6 45. f5 d4 {[#]} 46. e7+ $1 {[%mdl 512]} Ke5 (46... Kxe7 47. Qe6+) 47. Kg4 {[%csl Gf5][%cal Rg6e6]} d3 48. Qe6+ Kd4 49. Kf4 {Accuracy: White = 71%, Black = 53%.} 1-0

[Event "3rd Memorial Hulak 2018"]
[Site "Zagreb"]
[Date "2018.12.07"]
[Round "8.12"]
[White "Ivekovic, Bozidar"]
[Black "Blagojevic, Marijan"]
[Result "1-0"]
[WhiteElo "2406"]
[BlackElo "2199"]
[Annotator "ChessBase"]
[PlyCount "43"]
[EventDate "2018.11.26"]
[EventCountry "CRO"]
[SourceTitle "playchess.com"]
[Source "ChessBase"]
[SourceQuality "1"]

1. d4 Nf6 2. c4 g6 3. g3 Bg7 4. Bg2 O-O 5. Nc3 d6 6. Nf3 Nbd7 7. O-O e5 8. e4 Re8 9. h3 c6 10. Be3 Qa5 11. Qc2 exd4 12. Nxd4 Ne5 13. b3 Be6 14. Rfe1 a6 15. f4 Ned7 16. Rad1 Nc5 17. Bf2 Rad8 18. Rb1 Qb4 19. a3 Qxa3 20. Nxe6 Nxe6 21. Ra1 Qb4 22. Ra4 1-0

[Event "3rd Memorial Hulak 2018"]
[Site "Zagreb"]
[Date "2018.12.08"]
[Round "9.1"]
[White "Martinovic, Sasa"]
[Black "Kotronias, Vasilios"]
[Result "1/2-1/2"]
[WhiteElo "2554"]
[BlackElo "2482"]
[Annotator "TA"]
[PlyCount "111"]
[EventDate "2018.11.26"]
[EventCountry "CRO"]
[SourceTitle "playchess.com"]
[Source "ChessBase"]
[SourceQuality "1"]

{[%evp 28,111,41,44,49,34,31,31,39,37,62,66,55,44,42,42,43,45,48,18,18,18,22,18,18,10,12,10,99,99,100,93,93,93,110,109,123,123,123,123,123,123,123,123,123,123,123,123,123,123,151,151,151,151,151,151,151,151,151,151,151,151,151,70,70,8,8,8,8,0,8,8,8,8,8,8,8,8,8,8,8,8,8,8,8,8]} 1. d4 Nf6 2. c4 g6 3. Nf3 Bg7 4. g3 O-O 5. Bg2 d6 6. O-O Nbd7 7. Nc3 e5 8. b3 Re8 9. e4 exd4 10. Nxd4 Nc5 11. f3 c6 {E68: King's Indian: Fianchetto: 6...Nbd7 7 0-0 e5 8 e4} 12. Be3 d5 13. Nxc6 bxc6 14. Bxc5 dxc4 15. f4 {LiveBook: 3 Games. Threatens to win with e5.} (15. Qxd8 Rxd8 16. Rfd1 Be6 17. bxc4 Nd7 18. Bd4 Ne5 19. Nd5 cxd5 20. cxd5 {½-½ (61) Carlsen,M (2832)-Grischuk,A (2750) chess.com INT 2017}) 15... Nd7 16. Bd4 Nc5 17. Bxg7 Kxg7 {[#]} 18. bxc4 $146 ({Predecessor:} 18. Qxd8 Rxd8 19. bxc4 {½-½ (30) Krysa,L (2543)-Arjun,K (2397) Dubai 2018}) 18... Ba6 19. Qxd8 Rexd8 20. Rfd1 Bxc4 21. e5 Rac8 22. Rac1 Be6 23. Rc2 Rxd1+ 24. Nxd1 Nd7 25. Ne3 f6 26. exf6+ Nxf6 27. Bxc6 Nd5 (27... a5 $11) 28. Bxd5 $16 Rxc2 29. Nxc2 ({Worse is} 29. Bxe6 Re2 $17) 29... Bxd5 {[%mdl 4096] Endgame KB-KN} 30. a3 Kf6 31. Kf2 g5 32. Ke3 h6 33. g4 Bb3 34. Nd4 Bd1 {[#]} 35. Nf3 $1 gxf4+ 36. Kxf4 Ke6 37. Nd4+ Kf6 38. Nc6 a6 39. h3 Ba4 40. Nd4 Bd1 41. Nf5 Kg6 42. Ne3 Ba4 43. h4 Bc6 44. Ke5 Bf3 {[#]} 45. a4 ({White should play} 45. Ke6 $1 $16) 45... a5 $1 $14 46. Kd6 (46. Kf4 $14 Be2 47. h5+ Kh7 48. Ke4) 46... Kf6 $1 $11 {The position is equal.} 47. Nd5+ Kf7 48. Ne3 {next Nc4 is good for White.} Kf6 $1 49. Kc5 Ke5 50. g5 hxg5 51. hxg5 Bh5 52. Kb5 Kf4 53. Nc4 Be8+ 54. Kxa5 Kxg5 55. Nd6 Bxa4 56. Kxa4 {Precision: White = 70%, Black = 71%.} 1/2-1/2

[Event "3rd Memorial Hulak 2018"]
[Site "Zagreb"]
[Date "2018.12.08"]
[Round "9.2"]
[White "Srbis, Jurica"]
[Black "Nikolov, Momchil"]
[Result "0-1"]
[WhiteElo "2415"]
[BlackElo "2567"]
[Annotator "TA"]
[PlyCount "81"]
[EventDate "2018.11.26"]
[EventCountry "CRO"]
[SourceTitle "playchess.com"]
[Source "ChessBase"]
[SourceQuality "1"]

{[%evp 25,81,0,23,5,14,0,0,0,0,0,0,0,0,0,0,0,0,0,0,0,0,0,0,-32,-23,-35,-43,-48,-40,-97,-91,-87,-77,-99,-118,-104,-102,-162,-9,-115,-118,-182,-179,-227,-230,-308,-293,-315,-312,-818,-811,-5302,-5302,-5185,-5193,-2584,-2039,-29978]} 1. Nf3 Nf6 2. c4 c5 3. Nc3 d5 4. cxd5 Nxd5 5. d4 e6 6. e4 Nxc3 7. bxc3 cxd4 8. cxd4 Bb4+ 9. Bd2 Bxd2+ 10. Qxd2 O-O 11. Be2 b6 12. O-O Bb7 13. Qe3 Nd7 {LiveBook: 40 Games} 14. Bd3 {D41: Queen's Gambit Declined: Semi-Tarrasch with 5 cxd5} (14. Rfd1 Qe7 15. a4 Rab8 16. a5 b5 17. d5 exd5 18. a6 Ba8 19. Qxa7 Rfd8 20. e5 b4 21. Rac1 b3 {½-½ (44) Lenic,L (2650)-Hera,I (2616) Hungary 2017}) 14... Rc8 15. Rac1 Qe7 16. Rxc8 {The position is equal.} Rxc8 17. Rc1 Qa3 $146 ({Predecessor:} 17... Rxc1+ 18. Qxc1 Nf8 19. Ne5 f6 {½-½ (41) Burks,S-Jordan,I IECG email 1999}) 18. Rxc8+ Bxc8 19. Qd2 Ba6 20. Bxa6 Qxa6 21. d5 {aiming for dxe6.} Qc4 (21... Qa4 {is more complex.} 22. dxe6 fxe6 23. h4 h6 24. Nd4 Qc4) 22. dxe6 Qxe6 23. h3 h6 24. a3 Qc6 25. e5 a5 26. h4 Nf8 27. Qe3 (27. Qd6 $15 Qxd6 28. exd6) 27... b5 $17 28. Nd4 Qc4 29. Nf5 {[#]} b4 $1 {[%cal Rb4b3]} 30. axb4 axb4 {Strongly threatening ...b3.} 31. Qg3 (31. Qd4 $17 {was necessary.} Qxd4 32. Nxd4) 31... Qc1+ 32. Kh2 {[%csl Gf5][%cal Rg3g7]} Ne6 33. Ne7+ (33. Qf3 $17 Qc5 34. Qa8+ Kh7 35. Qe4) 33... Kf8 $19 34. Nd5 {[#]} Qc4 $1 {[%cal Rc4d5]} 35. Ne3 Qe4 36. Nd1 Kg8 37. f3 $2 (37. h5) 37... Qe2 {Black is clearly winning.} 38. Nf2 b3 {[%cal Bb4b3,Bb3b2][%mdl 32]} 39. Ne4 b2 40. Nc3 Qc2 41. Qe1 {Accuracy: White = 43%, Black = 96%.} 0-1

[Event "3rd Memorial Hulak 2018"]
[Site "Zagreb"]
[Date "2018.12.08"]
[Round "9.3"]
[White "Zelcic, Robert"]
[Black "Plenca, Jadranko"]
[Result "1/2-1/2"]
[WhiteElo "2530"]
[BlackElo "2475"]
[Annotator "TA"]
[PlyCount "114"]
[EventDate "2018.11.26"]
[EventCountry "CRO"]
[SourceTitle "playchess.com"]
[Source "ChessBase"]
[SourceQuality "1"]

{[%evp 24,114,0,0,0,0,0,-6,0,0,0,0,0,-15,0,-25,-15,-14,0,0,10,16,22,12,16,19,20,20,14,14,18,18,17,17,27,27,26,15,16,14,8,8,12,21,31,22,42,59,84,76,44,-25,-33,-130,-120,-120,-126,-131,-58,-48,-14,-10,-24,-102,-102,-125,-110,-121,-100,-120,0,0,0,0,0,0,0,0,0,0,0,0,0,0,0,0,0,0,0,0,0,0,0]} 1. e4 e5 2. Nf3 Nc6 3. Bb5 a6 4. Ba4 Nf6 5. d4 exd4 6. O-O Be7 7. e5 Ne4 8. Nxd4 O-O 9. Nf5 d5 10. Nxe7+ Nxe7 11. c3 {C84: Closed Ruy Lopez: Unusual White 6th moves} Nc5 12. Bc2 Bf5 13. Na3 {LiveBook: 3 Games} Qd7 (13... Bxc2 14. Nxc2 Qd7 15. Be3 Ne6 16. f4 f5 17. Nd4 Nc6 18. Nxe6 Qxe6 {0-1 (51) Mihok,O (2543)-Kravtsiv,M (2677) Hungary 2018}) 14. Be3 $146 ({Predecessor:} 14. Re1 Rfe8 15. Be3 Ne6 16. Qh5 Bg6 17. Qh3 c5 18. Rad1 Bxc2 19. Nxc2 Qa4 20. Rd2 Rad8 21. Red1 Nc6 22. b3 Qa5 23. Bxc5 Qxc5 {0-1 (23) Juhasz,B (2190)-Krstulovic,A (2296) Hungary 2018}) 14... Ne6 15. Qh5 Bg6 16. Qh3 f6 17. exf6 Rxf6 18. Bd4 Rf7 19. Be5 Bxc2 20. Nxc2 Ng6 21. Rae1 Nxe5 22. Rxe5 Nf4 23. Qxd7 Rxd7 24. Rd1 c6 25. g3 Ng6 26. Re3 Re7 27. c4 Rd8 28. cxd5 Rxd5 29. Rxd5 cxd5 $11 {[%mdl 4096] Endgame KRN-KRN} 30. Rc3 Kf7 31. Kg2 Kf6 32. h3 Rd7 33. f4 Ne7 34. Nd4 h6 35. g4 Ng6 36. Kf3 Re7 {Black wants to play ...Nxf4!} 37. Rd3 (37. Ne2 $14) 37... Re4 38. Nb3 ({White should play} 38. Nf5 $1 $15) 38... Rxf4+ $17 39. Kg3 Ke5 40. Nc5 Rc4 ({Better is} 40... Rb4 $17 41. b3 a5) 41. Nxb7 $15 d4 42. Ra3 $1 {[%cal Ra3a5]} Rc6 43. Ra5+ (43. Na5 $11 {keeps the balance.} Rc2 44. Nb3) 43... Ke4 $17 {Threatens to win with ...d3.} 44. Nc5+ {[%mdl 64] Double Attack} Ke3 45. Ra3+ Ke2 46. b4 {[%cal Bb2b4,Bb4b5,Bb5b6,Bb6b7][%mdl 32] [#]} Ne5 ({Black should try} 46... Rf6 $1 $17 47. g5 hxg5 48. Rxa6 d3 49. Rxf6 gxf6) 47. Rxa6 $11 {The position is equal.} Rxa6 48. Nxa6 {KN-KN} d3 {( -> ...Ke3)} 49. Nc5 $1 d2 50. Ne4 g5 {And now ...Kd3 would win.} 51. b5 d1=Q {[%cal Rd1g1]} 52. Nc3+ {[%mdl 64] [#] Double Attack} Kd2 {[%cal Rd1g1]} 53. Nxd1 Kxd1 54. b6 Ke2 55. b7 Nc6 56. a4 Ke3 57. Kg2 Ke2 {Accuracy: White = 62%, Black = 59%.} 1/2-1/2

[Event "3rd Memorial Hulak 2018"]
[Site "Zagreb"]
[Date "2018.12.08"]
[Round "9.4"]
[White "Rogulj, Branko"]
[Black "Kozul, Zdenko"]
[Result "1/2-1/2"]
[WhiteElo "2409"]
[BlackElo "2601"]
[Annotator "TA"]
[PlyCount "130"]
[EventDate "2018.11.26"]
[EventCountry "CRO"]
[SourceTitle "playchess.com"]
[Source "ChessBase"]
[SourceQuality "1"]

{[%evp 14,130,22,-21,-22,-25,-22,-27,-33,-24,-16,-22,-33,-42,-16,-14,-24,-16,-18,-25,-12,-20,-31,-50,0,-6,0,-21,-25,-29,-16,-119,-87,-115,-138,-121,-120,-154,-43,-56,0,0,0,0,87,74,74,84,79,66,77,72,77,90,80,0,0,3,4,8,304,297,289,173,289,104,135,129,133,142,173,173,173,173,173,173,173,173,173,173,173,173,173,173,173,173,173,173,173,173,173,173,173,173,173,173,173,173,173,0,173,0,173,173,173,76,173,173,173,173,173,173,173,173,173,173,173,133,173]} 1. e4 c5 2. Nc3 e6 3. g3 Nc6 4. Bg2 Nf6 5. Nge2 d6 6. O-O Be7 7. h3 O-O 8. f4 {LiveBook: 6 Games} d5 {B24: Closed Sicilian: 3 g3 sidelines} (8... a6 9. g4 Qc7 10. Ng3 b5 11. d3 Bb7 12. Nce2 Nd7 13. g5 Rfe8 14. f5 Nce5 15. h4 exf5 16. Nxf5 {0-1 (43) Bakin,A (2176)-Klasan,V (2415) Budapest 2016}) 9. e5 Nd7 10. Kh2 Rb8 $146 {Black has an edge.} ({Predecessor:} 10... f6 11. exf6 Bxf6 12. d3 Nb6 13. g4 Bd7 14. Ng3 Be7 {½-½ (47) Andriulevicius,O (1865)-Nineuil,V (1870) Panevezys 2010}) 11. d4 b5 12. a3 a5 13. Be3 b4 (13... Ba6 {feels hotter.} 14. Re1 Qc8 15. Qd2 Rd8 16. dxc5 Nxc5 17. Nd4 Nxd4 18. Bxd4 b4) 14. axb4 axb4 15. Na4 {[%cal Rd4c5]} cxd4 16. Nxd4 Nxd4 17. Bxd4 Ba6 18. Rf2 Bb5 19. f5 {Black must now prevent f6!} Kh8 20. Qg4 {Threatens to win with f6!} f6 {[%cal Bf7f6,Bf6e5,Be5e4][%mdl 32]} 21. fxe6 Nxe5 22. Bxe5 (22. Qf5 $11 {keeps the balance.}) 22... fxe5 $17 23. Rf7 Rxf7 24. exf7 e4 25. b3 {Threatening Rd1.} Qc7 (25... Bd7 $1 $17 {[%cal Rd7g4]} 26. Qf4 Be6) 26. Qe6 Bc6 (26... Bd6 $15 27. Qxd5 e3) 27. c4 $1 $11 {[%cal Rc4d5]} dxc4 28. Qxc4 Bd6 (28... Qd6 $11) 29. Rc1 $1 $16 Bxg3+ 30. Kh1 Bxa4 31. Qxc7 Bxc7 32. bxa4 {[%mdl 4096] Endgame KRB-KRB} Bd6 33. Bxe4 {And now Rc6 would win.} b3 34. Rd1 (34. a5 $1 $16 b2 35. Rc6 b1=Q+ 36. Bxb1 Rxb1+ 37. Kg2) 34... Bc5 $11 35. Rd5 Bf8 $1 36. Re5 g6 $2 {[%mdl 8192]} (36... b2 $11 {and Black has nothing to worry.} 37. Re8 b1=Q+ 38. Bxb1 Rxb1+ 39. Kh2 Rb2+ 40. Kg3 Rb3+ 41. Kg2 Rb2+ 42. Kg3 Rb3+ 43. Kg2 Rb2+ 44. Kg1 g6 45. Rxf8+ Kg7) 37. Re8 $18 Rb4 {...Kg7 is the strong threat.} 38. Rxf8+ {KRB-KR} Kg7 {[#]} 39. Rd8 $2 (39. Rh8 $3 $18 {[%csl Gh8][%cal Rf7f8][%mdl 512] is the precise move to win.} Kxf7 (39... Kxh8 40. f8=Q#) 40. Rxh7+ Kf6 41. Bb1) 39... Kxf7 $16 {[#]} 40. Bb1 $1 Rxa4 41. Rb8 Ra7 42. Rxb3 Kg7 43. Kg2 Re7 44. Kf3 Rf7+ 45. Ke3 Kh6 46. Rb5 Rc7 47. Bd3 Rc3 48. Rd5 Ra3 49. Kf4 Rb3 50. h4 Rb4+ 51. Be4 Ra4 52. Rd7 Rb4 53. Re7 Ra4 54. Kg4 Ra5 55. Rd7 Ra4 56. Kf4 Rb4 $1 57. Rd5 Ra4 $1 58. Re5 Rb4 59. Kg4 (59. Re6 $18) 59... Rb6 (59... Kg7 $16) 60. Re7 {White is clearly better.} Ra6 61. Rc7 Ra4 62. Kf4 Ra6 63. Bd5 {Hoping for Bg8.} Ra4+ {[#]} 64. Bc4 $1 Ra8 65. Kg4 Rd8 {Accuracy: White = 64%, Black = 65%.} 1/2-1/2

[Event "3rd Memorial Hulak 2018"]
[Site "Zagreb"]
[Date "2018.12.08"]
[Round "9.5"]
[White "Yankelevich, Lev"]
[Black "Rakotomaharo, Fy Antenaina"]
[Result "1-0"]
[WhiteElo "2441"]
[BlackElo "2429"]
[Annotator "TA"]
[PlyCount "201"]
[EventDate "2018.11.26"]
[EventCountry "CRO"]
[SourceTitle "playchess.com"]
[Source "ChessBase"]
[SourceQuality "1"]

{[%evp 16,201,16,14,25,29,25,30,27,23,37,40,37,44,48,44,145,147,146,155,146,142,131,159,156,147,143,118,136,93,93,93,222,218,247,241,247,246,235,238,267,235,239,234,216,214,248,250,252,191,205,210,197,176,195,178,177,118,117,48,45,41,73,61,64,40,37,37,37,41,41,41,37,37,41,8,37,37,37,37,50,37,45,45,48,37,37,37,45,37,44,37,45,37,45,44,45,45,45,45,45,44,45,45,45,45,45,45,45,45,45,45,45,37,37,37,45,37,37,8,37,37,37,37,45,45,59,45,59,45,45,45,52,52,52,45,45,8,8,8,8,0,0,0,0,0,0,0,0,0,8,0,8,8,8,0,0,0,0,0,0,8,8,0,0,0,8,0,8,8,8,0,8,8,8,0,8,0,0,0,8,0,29994,75,29995,29996,29996,29997]} 1. Nf3 Nf6 2. c4 c5 3. Nc3 d5 4. cxd5 Nxd5 5. e3 Nxc3 (5... Nc6 6. Bb5 Nxc3 7. bxc3 Bd7 8. Rb1 e6 9. d4 Be7 10. O-O O-O 11. Be2 Qc7 12. e4 Rfd8 13. Be3 Na5 14. Bd3 Rac8 15. h4 {½-½ (40) Nakamura,H (2763)-Xiong,J (2656) Douglas 2018}) 6. dxc3 {A34: Symmetrical English: 2 Nc3, lines with ...d5} Qc7 7. e4 Nc6 8. Qd2 e6 9. Qg5 {LiveBook: 4 Games} h6 10. Qg3 Qxg3 11. hxg3 Bd6 12. g4 $146 ({Predecessor:} 12. Be3 b6 13. g4 {½-½ (42) Bluebaum,M (2640)-Tari,A (2599) Wijk aan Zee 2018}) 12... f6 {[#]} 13. g5 $1 {[%mdl 512]} fxg5 {[#]} 14. Bxg5 $1 {[%mdl 512]} O-O (14... hxg5 15. Rxh8+) 15. O-O-O {Black must now prevent Bxh6.} Bf4+ (15... Bc7 $14 16. Bd2 b6) 16. Bxf4 $16 Rxf4 17. Bb5 $1 Rxe4 18. Bxc6 bxc6 19. Rd8+ Kf7 {[#]} 20. Rhd1 $1 Rb8 21. Rh8 $36 {[%mdl 2048] White is really pushing.} Re2 22. Rd2 Rxd2 23. Nxd2 {[%mdl 4096] Endgame KRB-KRN} Ke7 (23... Ra8 $16 {might work better.}) 24. Ne4 $18 {[%mdl 1024] White has strong compensation.} c4 25. Rg8 g5 26. Rg7+ Kd8 27. Nd6 (27. Rxa7 $6 Rb7 $16) 27... c5 28. Rh7 Bd7 29. Nf7+ (29. Nxc4 $6 Bc6) 29... Kc7 30. Ne5 ({But not} 30. Rxh6 $6 Rf8) 30... Rd8 31. Nxc4 ({Much less strong is} 31. Rxh6 $6 Ba4 $16) 31... Rf8 32. Ne5 ({Weaker is} 32. Rxh6 Rxf2 33. Rh7 Kd8 $16) 32... Kd6 33. Nxd7 Rxf2 {KRN-KR} 34. g4 Rf4 35. Nb8 Rxg4 36. Rxa7 (36. Rxh6 $18 Rg1+ 37. Kc2) 36... h5 $16 37. Kd2 (37. Rd7+ $16 Ke5 38. Rd1) 37... h4 $14 38. Ke3 {Strongly threatening Rd7+.} Rg2 39. Rd7+ Ke5 40. Rh7 {And now Nd7+ would win.} Rxb2 41. Nd7+ Kd5 $1 42. Rh5 Kc4 43. Rxg5 {[%csl Gd7][%cal Rg5c5]} Kxc3 44. Rxc5+ Kb4 45. Ne5 {Hoping for Nd3+.} Rxa2 46. Nd3+ Ka4 47. Rh5 Rg2 48. Kd4 Rg4+ 49. Kc3 Rg3 50. Rxh4+ Kb5 51. Re4 Kc6 52. Rxe6+ Kd5 53. Ra6 Rh3 54. Ra5+ Kd6 55. Ra4 Rg3 56. Rh4 Rg1 57. Kd4 Ra1 58. Rh6+ Ke7 59. Kd5 Rd1 60. Re6+ Kd7 61. Re3 Rd2 62. Rh3 Ke7 63. Rf3 Rd1 64. Ke5 Ra1 65. Nc5 Re1+ 66. Ne4 Ra1 67. Rh3 Ra5+ 68. Kd4 Ra4+ 69. Kd5 Ra5+ 70. Nc5 Rb5 71. Rh6 Ra5 72. Rc6 Ra1 73. Rc7+ Kf6 74. Ne4+ Kg6 75. Rc8 Kf7 76. Nd6+ Ke7 77. Rc7+ Kd8 78. Rh7 Rd1+ 79. Kc6 {[%csl Gc6][%cal Rh7d7]} Rc1+ 80. Kb5 Rc5+ 81. Kb4 Rc1 82. Nc4 Ke8 83. Kc5 Kf8 84. Kd5 Ke8 85. Ke6 {[%cal Rh7h8]} Kd8 86. Rd7+ (86. Ne5 {with more complications.} Kc8 87. Kf5 Rf1+ 88. Kg4 Ra1 89. Kf5) 86... Kc8 $1 87. Nd6+ Kb8 88. Rb7+ Ka8 89. Kd7 Rd1 90. Rb4 Ra1 91. Rb6 Ka7 92. Nc8+ Ka8 93. Ne7 {Kc8 would kill now.} Ra7+ 94. Kd8 {White wants to mate with Nc6.} Rb7 $1 95. Rc6 Rb8+ 96. Nc8 Rb1 97. Nd6 Ra1 98. Kc8 {Intending Nb5 and mate.} Ka7 $2 {[%mdl 8192]} (98... Ra4 $11 99. Nb5 Ra1 100. Rb6 Rc1+ 101. Nc7+ Rxc7+ 102. Kxc7 Ka7 103. Rc6 Ka8 104. Ra6#) 99. Nb5+ Ka8 {[#]} 100. Rb6 $1 {[%csl Gc8][%cal Rb6b8]} Rc1+ 101. Nc7+ {Accuracy: White = 62%, Black = 57%.} 1-0

[Event "3rd Memorial Hulak 2018"]
[Site "Zagreb"]
[Date "2018.12.08"]
[Round "9.7"]
[White "Tomazini, Zan"]
[Black "Ivekovic, Bozidar"]
[Result "1/2-1/2"]
[WhiteElo "2437"]
[BlackElo "2406"]
[Annotator "NA"]
[PlyCount "80"]
[EventDate "2018.11.26"]
[EventCountry "CRO"]
[SourceTitle "playchess.com"]
[Source "ChessBase"]
[SourceQuality "1"]

1. e4 c5 2. c3 d5 3. exd5 Qxd5 4. d4 Nf6 5. Nf3 e6 6. a3 Nc6 7. Be3 Ng4 8. c4 Qe4 9. Nc3 Nxe3 10. Nxe4 Nxd1 11. Rxd1 cxd4 12. Nxd4 Nxd4 13. Rxd4 e5 14. Rd5 f6 15. c5 Bd7 16. Nd6+ Bxd6 17. Rxd6 Ke7 18. Be2 Rac8 19. b4 b6 20. O-O bxc5 21. Ra6 cxb4 22. Rxa7 bxa3 23. Bg4 Rhd8 24. Bxd7 Rxd7 25. Rxa3 Rc2 26. h4 Ke6 27. Re1 Rd4 28. g3 h5 29. Ra7 g6 30. Re3 Rd6 31. Kg2 f5 32. Rea3 Rcc6 33. Rg7 Kd5 34. Re7 e4 35. Ra5+ Kc4 36. Ra4+ Kb5 37. Ra2 Rc1 38. Rb7+ Kc6 39. Rb8 Kd7 40. Raa8 Rdd1 1/2-1/2